La educación moral: perspectivas de futuro y técnicas de trabajo
Saved in:
| Main Authors: | , |
|---|---|
| Format: | Bog |
| Sprog: | spansk |
| Udgivet: |
Barcelona
Grao
1991
|
| Serier: | Materiales para la Innovación Educativa, 4
|
| Fag: | |
| Tags: |
Tilføj Tag
Ingen Tags, Vær først til at tagge denne postø!
|
MARC
| LEADER | 00000nam a2200000 a 4500 | ||
|---|---|---|---|
| 001 | UCQ6778 | ||
| 003 | CL-VaPUC | ||
| 008 | 981023e19910000SP |||||||||||||||||spa|d | ||
| 082 | 0 | 4 | |a 370.114 |b MAR |2 21 |
| 100 | |a Martínez Martín, Miguel |e autor |9 420674 | ||
| 700 | 0 | |a Puig Rovira, Josep María |e author |9 420675 | |
| 245 | 1 | 3 | |a La educación moral: perspectivas de futuro y técnicas de trabajo |
| 300 | |a 213 p | ||
| 942 | |c BK | ||
| 945 | |d 19981023 00:00:00 |a mvenant | ||
| 260 | |a Barcelona |b Grao |c 1991 | ||
| 650 | 0 | |a Valores morales |9 310604 | |
| 650 | 0 | |a Ética |9 255099 | |
| 650 | 0 | |a Educación moral |9 308319 | |
| 650 | 0 | |a Filosofía de la educación |9 258384 | |
| 583 | |a last modification |c 20170828 11:25:47 |k Rodrigo Vera | ||
| 490 | 0 | |a Materiales para la Innovación Educativa, 4 | |
| 999 | |c 276689 |d 276687 | ||
| 952 | |0 0 |1 0 |4 0 |6 370_114000000000000_MAR_1991 |7 0 |8 A |9 314101 |a BIBEDU |b BIBEDU |d 2019-11-20 |i 3473457 |l 2 |o 370.114 MAR 1991 |p 3473457 |r 2022-09-09 |s 2022-08-25 |w 2019-11-20 |y BK |k EPE | ||